La sucesión presidencial en 1910 (Record no. 133243)
[ view plain ]
| 000 -LEADER | |
|---|---|
| fixed length control field | 01014nam a22002417a 4500 |
| 005 - DATE AND TIME OF LATEST TRANSACTION | |
| control field | 20170522100329.0 |
| 008 - FIXED-LENGTH DATA ELEMENTS--GENERAL INFORMATION | |
| fixed length control field | 170522b mx ||||| |||| 00| 0 spa d |
| 020 ## - INTERNATIONAL STANDARD BOOK NUMBER | |
| International Standard Book Number | 9786074013245 (obra completa) |
| 020 ## - INTERNATIONAL STANDARD BOOK NUMBER | |
| International Standard Book Number | 9786074013252 (vol. 1) |
| 020 ## - INTERNATIONAL STANDARD BOOK NUMBER | |
| International Standard Book Number | 9786074013269 (vol. 2) |
| 050 04 - LIBRARY OF CONGRESS CALL NUMBER | |
| Classification number | F1234 |
| Item number | M33 2010 |
| 100 1# - MAIN ENTRY--PERSONAL NAME | |
| Personal name | Madero, Francisco I. |
| Dates associated with a name | 1873-1913 |
| Fuller form of name | Francisco Ignacio Madero González |
| 245 13 - TITLE STATEMENT | |
| Title | La sucesión presidencial en 1910 |
| Statement of responsibility, etc | / Francisco I. Madero |
| 250 ## - EDITION STATEMENT | |
| Edition statement | 1a ed. |
| Remainder of edition statement | Edición facsimilar. |
| 260 ## - PUBLICATION, DISTRIBUTION, ETC. (IMPRINT) | |
| Place of publication, distribution, etc | México : |
| Name of publisher, distributor, etc | Miguel Ángel Porrúa : |
| -- | H. Cámara de Diputados, LXI legislatura, |
| Date of publication, distribution, etc | 2010. |
| 300 ## - PHYSICAL DESCRIPTION | |
| Extent | 2 V. , 2063 p. : |
| Other physical details | il. ; |
| Dimensions | 29 cm. |
| 490 0# - SERIES STATEMENT | |
| Series statement | La historia |
| 500 ## - GENERAL NOTE | |
| General note | Edición facsimilar Coahuila, 1908. |
| 600 10 - SUBJECT ADDED ENTRY--PERSONAL NAME | |
| Personal name | Díaz, Porfirio |
| Titles and other words associated with a name | Presidente de México |
| Dates associated with a name | 1830-1915 |
| Fuller form of name | José de la Cruz Porfirio |
| 650 #7 - SUBJECT ADDED ENTRY--TOPICAL TERM | |
| Source of heading or term | lemb |
| Topical term or geographic name as entry element | Presidentes |
| Form subdivision | Facsímiles |
| General subdivision | Elecciones |
| Chronological subdivision | 1910 |
| Geographic subdivision | México |
| 651 #7 - SUBJECT ADDED ENTRY--GEOGRAPHIC NAME | |
| Source of heading or term | lemb |
| Geographic name | México |
| Form subdivision | Facsímiles |
| General subdivision | Historia |
| Chronological subdivision | Revolución, 1910-1920 |
| 942 ## - ADDED ENTRY ELEMENTS (KOHA) | |
| Source of classification or shelving scheme | Biblioteca del Cogreso de los Estados Unidos |
| Koha item type | Libro |
| Estado de pérdida | Fuente de clasificación | Estado del daño | No para préstamo | Ubicación permanente | Ubicación actual | Apartado o colección | Fecha de adquisición | Área del conocimiento | Clasificación | Código de Barras | Date last seen | Número de copia | Tipo de recurso |
|---|---|---|---|---|---|---|---|---|---|---|---|---|---|
| Biblioteca del Cogreso de los Estados Unidos | Biblioteca de la Unidad de Ciencias Ingeniería y Humanidades | Biblioteca de la Unidad de Ciencias Ingeniería y Humanidades | Colección "Miguel Ángel Porrúa" | 22/05/2017 | Ciencias Sociales y Administrativas | F1234 M33 2010 | BCU000018583 | 22/05/2017 | C:1 V.1 | Libro | |||
| Biblioteca del Cogreso de los Estados Unidos | Biblioteca de la Unidad de Ciencias Ingeniería y Humanidades | Biblioteca de la Unidad de Ciencias Ingeniería y Humanidades | Colección "Miguel Ángel Porrúa" | 22/05/2017 | Ciencias Sociales y Administrativas | F1234 M33 2010 | BCU000018584 | 22/05/2017 | C:1 V.2 | Libro |